000
00226nam a22000857a 4500
008
161017b xxu||||| |||| 00| 0 eng d
100
_9
878
_a
Chopra,R.K.
245
_a
Art Education: Teachers H.B- IV
260
_a
New Delhi
_b
NCERT
_c
1992
999
_c
3529
_d
3529